000 005590000a22001810004500
003 MACL
005 20160324162631.0
008 160324b xxu||||| |||| 00| 0 eng d
040 _aMACL
_cMACL
041 _aHindi
082 _a080
100 _aमहेश संकलन
_948429
245 _aमहापुरूषों के अनमोल वचन
260 _bराही प्रकाशन
_c2008
_aनई दिल्‍ली
350 _a100
650 _aसामान्‍य वर्ग
_936
942 _cHIN
_k080/MAH
_2ddc
999 _c45115
_d45115